000 00525nam a22001697a 4500
008 161018b xxu||||| |||| 00| 0 eng d
020 _a9711604914
082 _22002
_aDFil 342.599
_bC88
100 _916385
_aCruz, Isagani A.
245 _aPhilippine political law/
_cIsagani A. Cruz
250 _a2002 edition
260 _aQuezon City:
_bCentral Law Book Publishing Co., Inc.,
_cc2002.
300 _aiii, 529 pages;
_c24 cm.
650 0 _916386
_aPolitical law
_zPhilippines.
365 _b730.00
_cPhp.
942 _2ddc
_cDFIL
999 _c5292
_d5292